000 00410nam a2200181Ia 4500
005 20250603144446.0
008 250603s9999 xx 000 0 und d
020 _a0199134073
050 _aG 127 .N24/
100 _aNagle, Garrett
245 0 _aAdvanced geography
260 _aNew York
260 _bOxford University Press
260 _c2000
300 _a464 p
650 _aNew York
942 _cBK
999 _c38983
_d38983